It looks like you're offline.
Open Library logo
additional options menu

MARC record from Internet Archive

LEADER: 01534nam a2200445 a 4500
001 004006224
003 MiU
005 19990315000000.0
006 m d
007 cr bn ---auaua
008 990315s1998 nyua ek 000 0deng
010 $a97051362 /MN
015 $aGB99-04792
020 $a0195116712
035 $a(OCoLC)ocm38106066
035 $a(III)iiio31542803
040 $aDLC$cDLC$dUKM$dEYM
043 $an-us---
050 00 $aML102.C7$bE54 1998
082 00 $a781.642/03$221
245 04 $aThe encyclopedia of country music :$bthe ultimate guide to the music /$ccompiled by the staff of the Country Music Hall of Fame and Museum ; edited by Paul Kingsbury with the assistance of Laura Garrard, Daniel Cooper, and John Rumble.
260 $aNew York :$bOxford University Press,$c1998.
300 $axi, 634 p. :$bill. ;$c29 cm.
504 $aDiscography: p. [609]-614.
504 $aIncludes bibliographical references.
538 $aMode of access: Internet.
650 0 $aCountry music$xEncyclopedias.
700 1 $aKingsbury, Paul.
710 2 $aCountry Music Hall of Fame & Museum (Nashville, Tenn.)
852 0 $aMiU$bBUHR$cMUSI$hML 102 .C8 E53 1998$xiiio31542803
852 0 $aMiU$bUGL$hML 102 .C8 E53 1998$x32374860
970 $aBK$bBook
970 $aEN$bEncyclopedias
971 $aMiU
972 $c20040625
972 $c20040625
973 $aHT$bavail_ht
973 $aAC$bavail_circ
974 $umdp.39015046908102$ric$d20120627
999 $aMDP$b20$c20100613$lMIU01$h0000